| 000 | 00700na a2200217 4500 | ||
|---|---|---|---|
| 001 | 21327 | ||
| 003 | MIRAKIL | ||
| 005 | 20181213155203.0 | ||
| 008 | 170203b tu 000 0 | ||
| 040 |
_aMilas _btur _cTR-AnCHP |
||
| 041 | _atur | ||
| 082 |
_a351.7225 _bT26i 2007 |
||
| 090 | _a351.7225 T26i 2007 | ||
| 110 | _aTapu ve Kadastro Genel Müdürlüğü | ||
| 245 |
_a2007 mali yılı kesin hesabı _cTapu ve Kadastro Genel Müdürlüğü |
||
| 260 |
_aAnkara _bTapu ve Kadastro Genel Müdürlüğü _c2007 |
||
| 300 |
_a75 s. _btbl. _c20 sm. |
||
| 610 |
_aTapu ve Kadastro Genel Müdürlüğü _xKesin bütçe _y2007 |
||
| 710 | _aTapu ve Kadastro Genel Müdürlüğü | ||
| 942 |
_2ddc _cBKS |
||
| 999 |
_c8191 _d8191 |
||